000 00643na a2200217 4500
001 18370
003 MIRAKIL
005 20181213155034.0
008 161117b tu 000 0
040 _aMilas
_btur
_cTR-AnCHP
041 _atur
082 _a346.01602643
_bK46 [t.y.]
090 _a346.01602643 K46 [t.y.]
245 _a4320 Sayılı ailenin korunmasına dair kanun ve uygulamalar
_cDevlet Bakanlığı
260 _a[Ankara]
_bDevlet Bakanlığı
_c[t.y.]
300 _a31 s.
_c23 sm.
650 _aAile hukuku
_xUygulamalar
650 _aAile hukuku
_xMahkeme kararları
710 _aDevlet Bakanlığı
942 _2ddc
_cBKS
999 _c5358
_d5358